000 00337nam a2200109 4500
999 _c10590
_d10590
008 180907b ||||| |||| 00| 0 eng d
245 _aHow businesses can take advantage of social media trends.
260 _aPhilippines
_bPhilippine Daily Inquirer
_cc2016
300 _apage C1.
650 0 _930997
_aInternet marketing.
942 _2ddc
_cPER